000 00542nam a2200205 a 4500
005 20151120113120.0
008 140224b1991 -Us||||| |||| 00| 0 eng d
040 _aCO-BoIAVH
_cCO-BoIAVH
041 _aeng
044 _axxu
090 _aLB
_b00902
100 _aMills, Judy A.
_99819
245 _aAsian trade in bears and bear parts
260 _aWashington
_bWWF International
_c1991
300 _a113 p.
650 _aOsos
_942449
650 _aTráfico de especies
_96276
700 _aServheen, Christopher
_99821
942 _cINFORME
_2z
999 _c914
_d914